| 000 | 01028nam a22003257a 4500 | ||
|---|---|---|---|
| 001 | BR7804471 | ||
| 003 | BR-BrBNA | ||
| 005 | 20230928085648.0 | ||
| 007 | ta | ||
| 008 | 230509b bl.||||| |||| 00| 0 por d | ||
| 040 |
_aBR-BrBNA _bpor _cBiblioteca Nacional de Agricultura |
||
| 041 | _a(Por) | ||
| 072 |
_aE30; E50; E10 _b2760 _b/G514 |
||
| 090 | _ 2760 BR7804471 | ||
| 110 | 1 |
_aSecretaria da Agricultura, Maceio, AL (Brasil) _98475 |
|
| 245 | 1 | _aProjeto de desenvolvimento rural integrado da regiao fumageira - POLONORDESTE. Plano operativao anual para 1978/79 [Fumo; Nicotiana spp; Alagoas; Brasil] | |
| 260 | 3 |
_aMaceio, AL (Brasil): _c[nd]. |
|
| 300 | _a104 p. | ||
| 500 | _a80 tables; Published 1978? | ||
| 650 | _aProjeto de desenvolvimento | ||
| 650 | _aSociologia rural | ||
| 650 | _aMacroeconomia | ||
| 650 | _aFumo | ||
| 650 | _aDesenvolvimento rural | ||
| 650 | _aAssistencia tecnica | ||
| 650 | _aPolitica economica | ||
| 650 | _aAlagoas | ||
| 909 |
_a202309 _bLucia _c55 _dLucia Elande |
||
| 942 | _cBK | ||
| 999 |
_c25649 _d25649 |
||